Conservation agriculture : environment, farmers experiences, innovations, socio-economy, policy

Bibliographic Details
Main Author: Garcia-Torres, L. (Author)
Format: Book
Language:English
Published: Dordrecht ; Boston : Kluwer Academic Publishers , c2003
Subjects:

MARC

LEADER 00000cam a2200000 7i4500
001 0000053321
005 20071121093000.0
008 070918s2003 ne ab b 001 0 eng
020 |a 1402011067 (acid-free paper) 
090 0 0 |a S604.5   |b .C64 2003 
245 1 0 |a Conservation agriculture :   |b environment, farmers experiences, innovations, socio-economy, policy   |c edited by Luis Garcâia-Torres ... [et al.] 
260 |a Dordrecht ; Boston :   |b Kluwer Academic Publishers ,   |c c2003 
300 |a xviii, 516 p. :   |b ill., maps ;   |c 25 cm. 
504 |a Includes bibliographical references and index 
650 0 |a Agricultural conservation 
650 0 |a Alternative agriculture 
700 1 |a Garcia-Torres, L. ,   |e author 
999 |a 1000112952   |b Book   |c OPEN SHELF (30 DAYS)   |e Tembila Campus